| 000 | 01235nam a22002897a 4500 | ||
|---|---|---|---|
| 005 | 20101206113148.0 | ||
| 008 | 101206t xxu||||| |||| 00| 0 hin d | ||
| 010 | _aHIN-93292 | ||
| 020 | _c200.00 | ||
| 035 | _aHN-65638 | ||
| 037 | _bDBAD/PUB | ||
| 040 |
_aDPL _bHN |
||
| 082 | _a400.14 | ||
| 100 |
_924598 _aभरत सिंह |
||
| 245 |
_aभाषा और समाजः _cभरत सिंह _bहिन्दी भाषा के समाज शास्त्रीय अध्यन के संदर्भ में / |
||
| 246 |
_aBhasha aur samaj _bby Bharat Singh |
||
| 260 |
_aदिल्ली _bग्रंथ सदन _c2011 |
||
| 270 |
_bदिल्ली _a27/109-ए/3, ज्वाला नगर _e110032 |
||
| 300 |
_a136पृ. _c22सेमी (सजिल्द) |
||
| 500 | _aसमान ISBN 8188913316 'अनुभूत चिकित्सा सूत्रः' | ||
| 650 | _91169 | ||
| 650 | _929580 | ||
| 700 | _924599 | ||
| 700 | _924924 | ||
| 942 |
_2ddc _cHN _mभरत _h400.14 |
||
| 999 |
_c54091 _d54091 |
||